000 00614nam a2200217Ia 4500
001 3337
003 GE_BSU
008 181216s||||||||xx |||||||||||||| ||und||
040 _cGE_BSU
080 _a693(075)
100 _aНеелов,В.Л.
245 _aСтроительно-монтажные работы.
245 _bУчебное пособие.
245 _cРед. Э.С. Сухарева
260 _aМ.
260 _bСтройиздат.
260 _c1977.
300 _a224 стр. с илл. 20 см.
653 _aСтроительно-монтажные работы.
942 _cBK
999 _c37378
_d37378